İlmihal (Record no. 214)

MARC details
000 -BAŞLIK
Sabit Uzunlukta Kontrol Alanı 00773na a2200277 4500
001 - KONTROL NUMARASI
Denetim Alanı 12714
003 - KONTROL NUMARASI IDENTIFIER
Denetim Alanı MIRAKIL
005 - SON İŞLEM TARİHİ VE ZAMANI
Denetim Alanı 20181213154739.0
008 - SABİT-BOY VERİ ELEMANLARI - GENEL BİLGİLER
Sabit Uzunlukta Kontrol Alanı 160831b tu 000 0
020 ## - ULUSLARARASI STANDART KİTAP NUMARASI
Uluslararası Standart Kitap Numarası 9753894015 (c.2)
020 ## - ULUSLARARASI STANDART KİTAP NUMARASI
Uluslararası Standart Kitap Numarası 9753894007 (c.1)
020 ## - ULUSLARARASI STANDART KİTAP NUMARASI
Uluslararası Standart Kitap Numarası 975389399X (tk)
035 ## - SİSTEM KONTROL NUMARASI
Sistem Kontrol Numarası 12714
040 ## - KATALOGLAMA KAYNAK
Orijinal Kataloglama Ajansı Milas
Kataloglama Dili tur
Metne Dönüştürmek Ajansı TR-AnCHP
082 ## - DEWEY ONLU SINIFLANDIRMA NUMARASI
Sınıflandırma Numarası 297.5
Ürün Numarası İ45 2002
090 ## - SINIFLAMA NUMARASI
Sınıflama Numarası 297.5 İ45 2002
245 ## - BAŞLIK TABLOSU
Başlık İlmihal
Sorumluluk Tablosu, Vb Türkiye Diyanet Vakfı
260 ## - YAYIN, DAĞITIM, VB
Yayın, Dağıtım, Vb Yeri Ankara
Yayıncı, Dağıtıcı, Vs Adı Türkiye Diyanet Vakfı
Yayın, Dağıtım, Vb Tarihi 2002
300 ## - FİZİKSEL TANIM
Kapsam 2 c.
Boyutlar 23 sm.
490 ## - SERİSİ TABLOSU
Seri Beyanı Kaynak Eserler
Hacim / Ardışık Tanımı 22
490 ## - SERİSİ TABLOSU
Seri Beyanı Diyanet Başkanlığı yayınları
Hacim / Ardışık Tanımı 323
504 ## - KAYNAKÇA VB NOT
Kaynakça Vb Notu Dizin var.
505 ## - BİÇİMLENDİRİLDİ İÇİNDEKİLER NOT
Biçimlendirilmiş İçeriği Dikkat c.1. İman ve ibadetler -- c.2. İslam ve toplum
650 ## - KONU KATMA GİRİŞ - TOPİKAL DÖNEM
Topikal Süreli Veya Coğrafi Ad Giriş Elemanı İslam dini
Genel Alt Bölümü İlmihal
942 ## - EKLENDİ GİRİŞ ELEMANLARI (KOHA)
Sınıflandırma Veya Raf Düzeni Kaynak Dewey Decimal Classification
Koha Öğesi Türü Books
999 ## - SİSTEM KONTROL NUMARALARI (KOHA)
Koha Biblionumber 214
Koha Biblioitemnumber 214
Holdings
Kalıcı Konum Mevcut Konum Edinme Tarihi Edinim Kaynak Toplam Check-Out'Lar Tam Çağrı Numarası Barkod Tarih Son Görülme İtibaren Geçerli Fiyatlar Koha Öğesi Türü
CHP Kütüphanesi CHP Kütüphanesi 08/01/2016 Bağış   297.5 İ45 2002 000322 08/01/2016 08/01/2016 Books
CHP Kütüphanesi CHP Kütüphanesi 08/31/2016 Bağış   297.5 İ45 2002 000323 08/31/2016 08/31/2016 Books